000 00654nam a2200265Ia 4500
005 20260306163504.0
008 008 260114s9999 xx 000 0 eng d
020 _a9780252051722
037 _aEBOOK
040 _aCRL
040 _beng
040 _cCRL
041 _2eng
041 _aeng
084 _qCRL
100 _aMorelli
_91128735
245 2 _aA Guru's Journey: Pandit Chitresh Das And Indian Classical Dance In Diaspora
260 _bUniversity of Illinois Press
260 _c2020
650 _aMusic
856 _uhttps://academic.oup.com/book/34002
942 _cEBOOK
999 _c1710306
_d1710306